00518nam a2200193Ia 4500008004100000020001800041050001300059100001800072245004100090245005400131260001400185260002900199260000900228300001500237300002700252300001000279440002700289500000800316170918s9999 xx 000 0 und d a9780746054093 bZ43 2007 aZeff, Claudia 4aThe amazing adventures of Hercules / cClaudia Zeff ; illustrated by Stephen Cartwright. aEngland : bUsborne Publishing Ltd., c2007 a64 pages : bcolored illustration ; c19cm. aUsborne young reading. a530